[Event "Mistrzostwa Woj. Podkarpackiego w szacha"]
[Site "Pstragowa"]
[Date "2015.??.??"]
[Round "8.1"]
[White "Pulik, Krzysztof"]
[Black "Kucharski, Bartlomiej"]
[Result "1-0"]
[WhiteElo "2117"]
[BlackElo "1454"]
[PlyCount "59"]
[EventDate "2015.??.??"]

1. e4 d5 2. Nc3 d4 3. Nce2 e5 4. Ng3 Nc6 5. Bc4 Nf6 6. Nf3 Bd6 7. a3 O-O 8. O-O
Bg4 9. h3 Bd7 10. d3 h6 11. Qe2 Qe7 12. Nh4 Kh7 13. Nhf5 Bxf5 14. Nxf5 Qd7 15.
g4 Ne7 16. Nxd6 Qxd6 17. f4 Ng6 18. f5 Ne7 19. h4 Nd7 20. g5 Nb6 21. f6 Ng6 22.
fxg7 Kxg7 23. gxh6+ Kh7 24. Bxf7 Nd7 25. Qh5 Nf4 26. Bxf4 exf4 27. Rxf4 Ne5 28.
Raf1 Nxf7 29. Rxf7+ Rxf7 30. Qxf7+ 1-0

[Event "Mistrzostwa Woj. Podkarpackiego w szacha"]
[Site "Pstragowa"]
[Date "2015.??.??"]
[Round "8.2"]
[White "Gaj, Szymon"]
[Black "Czopor, Maciej"]
[Result "0-1"]
[WhiteElo "1753"]
[BlackElo "1714"]
[PlyCount "80"]
[EventDate "2015.??.??"]

1. d4 Nf6 2. c4 g6 3. Nc3 Bg7 4. e4 d6 5. f3 O-O 6. Be3 Na6 7. Qd2 c5 8. d5 Nc7
9. Bh6 Bh8 10. Bxf8 Qxf8 11. Bd3 a6 12. Nge2 Rb8 13. a4 b6 14. O-O Nd7 15. f4
e6 16. Rae1 Qg7 17. Kh1 Qh6 18. Bc2 Qf8 19. f5 exf5 20. exf5 Ne5 21. fxg6 hxg6
22. b3 b5 23. cxb5 axb5 24. axb5 Nxb5 25. Nxb5 Rxb5 26. Ng3 Rb4 27. Re4 Rxe4
28. Nxe4 f5 29. Ng3 Ba6 30. Re1 Qd8 31. Bd1 Qh4 32. Qa5 Bd3 33. Qa8+ Kh7 34.
Qb7+ Bg7 35. Rg1 f4 36. Nf1 Qf2 37. Qe7 Bxf1 38. g3 Nf3 39. Bxf3 Qxf3+ 40. Rg2
Qxg2# 0-1

[Event "Mistrzostwa Woj. Podkarpackiego w szacha"]
[Site "Pstragowa"]
[Date "2015.??.??"]
[Round "8.3"]
[White "Mis, Mieszko"]
[Black "Kozak, Antoni"]
[Result "1/2-1/2"]
[WhiteElo "1819"]
[BlackElo "1440"]
[PlyCount "59"]
[EventDate "2015.??.??"]

1. e4 c6 2. d4 d5 3. Nc3 dxe4 4. Nxe4 Bf5 5. Nc5 Qc7 6. Nb3 Nd7 7. g3 O-O-O 8.
Nf3 e5 9. Bg2 Ngf6 10. O-O exd4 11. Nfxd4 Nc5 12. Qe2 Nxb3 13. Nxb3 Bd6 14. Be3
Rhe8 15. Qc4 a6 16. Nd4 Be4 17. Bh3+ Kb8 18. Nf5 Qd7 19. Rfd1 Bxf5 20. Rxd6
Qxd6 21. Bf4 Bxh3 22. Bxd6+ Rxd6 23. Qh4 Be6 24. Qf4 Red8 25. Rd1 Nd5 26. Qh4
h6 27. c4 Nc7 28. Rxd6 Rxd6 29. b3 Rd7 30. Kg2 1/2-1/2

[Event "Mistrzostwa Woj. Podkarpackiego w szacha"]
[Site "Pstragowa"]
[Date "2015.??.??"]
[Round "8.4"]
[White "Nowakowski, Jacek"]
[Black "Babiarz, Mariusz"]
[Result "0-1"]
[WhiteElo "1677"]
[BlackElo "1912"]
[PlyCount "84"]
[EventDate "2015.??.??"]

1. d4 d5 2. Bg5 Nd7 3. e3 Ngf6 4. Bd3 e5 5. dxe5 Nxe5 6. Be2 Be7 7. Nf3 Ng6 8.
c4 h6 9. Bh4 Nxh4 10. Nxh4 Bb4+ 11. Nd2 Bxd2+ 12. Qxd2 Ne4 13. Qxd5 Qxh4 14.
Qe5+ Qe7 15. Qxg7 Qf6 16. Qxf6 Nxf6 17. O-O Be6 18. Rfd1 Ke7 19. Rd4 Rad8 20.
Rad1 Rxd4 21. exd4 Rd8 22. b3 c6 23. Bf3 Bg4 24. Bxg4 Nxg4 25. h3 Nf6 26. f3 b5
27. Kf2 bxc4 28. bxc4 Rb8 29. Rd2 Rb4 30. Rc2 Kd6 31. Ke3 c5 32. d5 Nd7 33. f4
Nb6 34. Kd3 Na4 35. Ke4 Rb2 36. Kd3 Rb4 37. Ke4 Nb2 38. a3 Rxc4+ 39. Rxc4 Nxc4
40. g4 Nb6 41. h4 Nxd5 42. h5 Nf6+ 0-1

[Event "Mistrzostwa Woj. Podkarpackiego w szacha"]
[Site "Pstragowa"]
[Date "2015.??.??"]
[Round "8.5"]
[White "Swiech, Joanna"]
[Black "Babiarz, Arkadiusz"]
[Result "1-0"]
[WhiteElo "1729"]
[BlackElo "1471"]
[PlyCount "101"]
[EventDate "2015.??.??"]

1. c4 c5 2. g3 Nf6 3. Bg2 e6 4. Nf3 Be7 5. O-O d5 6. cxd5 Nxd5 7. Nc3 Nc6 8. b3
Bf6 9. Bb2 O-O 10. Qc1 b6 11. Ne4 Bxb2 12. Qxb2 Bb7 13. Rfd1 Qe7 14. d4 cxd4
15. Nxd4 Nxd4 16. Rxd4 Rac8 17. Rad1 Rc7 18. Nd2 Rfc8 19. Rc4 b5 20. Rxc7 Qxc7
21. Nf3 a6 22. Nd4 Qb6 23. e3 b4 24. Rd3 Qc5 25. Ne2 a5 26. Rd4 Qb5 27. Qd2 h6
28. Be4 f5 29. Bg2 Rc5 30. Nf4 Qc6 31. Nxd5 exd5 32. Qe2 Rc1+ 33. Rd1 Qc5 34.
Qe1 Rc2 35. Ra1 Qc3 36. Qd1 Rd2 37. Qb1 Ba6 38. Bf3 Kh8 39. Qe1 Qb2 40. Rb1 Qc2
41. Rc1 Qxa2 42. Ra1 Qb2 43. Rxa5 Be2 44. Bxe2 Rxe2 45. Qf1 Qd2 46. Ra8+ Kh7
47. Ra1 Qb2 48. Rb1 Qc2 49. Rc1 Qd3 50. Rd1 Qb5 51. Rd2 1-0

[Event "Mistrzostwa Woj. Podkarpackiego w szacha"]
[Site "Pstragowa"]
[Date "2015.??.??"]
[Round "8.6"]
[White "Kozubal, Aleksandra"]
[Black "Czernikowska, Laura"]
[Result "1-0"]
[WhiteElo "1554"]
[BlackElo "1175"]
[PlyCount "96"]
[EventDate "2015.??.??"]

1. d4 d5 2. c4 dxc4 3. Nc3 Nf6 4. e4 e6 5. Bxc4 Bb4 6. f3 O-O 7. Nge2 Nc6 8.
O-O a6 9. Bg5 h6 10. Bh4 b5 11. Bb3 Be7 12. Rc1 Bb7 13. Bg3 Rc8 14. d5 exd5 15.
Nxd5 Nxd5 16. Bxd5 Na5 17. Bxb7 Nxb7 18. Qxd8 Rfxd8 19. Rfd1 c5 20. Nc3 Bg5 21.
f4 Be7 22. Nd5 Bf8 23. b3 g6 24. Bh4 Rd6 25. e5 Rdc6 26. Be7 Kg7 27. g4 Re8 28.
Bxf8+ Kxf8 29. Nf6 Rec8 30. Rd7 R6c7 31. Kf2 Rxd7 32. Nxd7+ Ke7 33. Nf6 Kf8 34.
Ke3 Rd8 35. h4 Kg7 36. h5 Kf8 37. hxg6 fxg6 38. f5 Kg7 39. Rc3 g5 40. Rd3 Rxd3+
41. Kxd3 Kf7 42. Ke4 Kg7 43. Kd5 Kf7 44. Ne4 Ke7 45. f6+ Kf7 46. e6+ Ke8 47.
Nd6+ Nxd6 48. Kxd6 Kf8 1-0

[Event "Mistrzostwa Woj. Podkarpackiego w szacha"]
[Site "Pstragowa"]
[Date "2015.??.??"]
[Round "8.7"]
[White "Jurkiewicz, Zuzanna"]
[Black "Wasik, Roman"]
[Result "0-1"]
[WhiteElo "1457"]
[BlackElo "1551"]
[PlyCount "214"]
[EventDate "2015.??.??"]

1. e4 c5 2. Nf3 d6 3. d4 cxd4 4. Nxd4 Nf6 5. Bd3 g6 6. c3 Bg7 7. O-O Nc6 8. Nd2
Bg4 9. Qb3 Rb8 10. f3 Bd7 11. Kh1 Nh5 12. Ne2 Be6 13. Qd1 Ne5 14. Bb5+ Kf8 15.
Nd4 Bd7 16. f4 Bxb5 17. Nxb5 Nd3 18. Nb3 Nxc1 19. Rxc1 Qb6 20. N5d4 Bh6 21. Qf3
Kg7 22. Rb1 Rhf8 23. f5 Nf4 24. g3 Nh3 25. f6+ exf6 26. Qxf6+ Kg8 27. Qh4 Ng5
28. Qxh6 Nxe4 29. Rf4 f5 30. Rbf1 Nf6 31. Qg5 Ne4 32. Qe7 Rbe8 33. Qd7 Nf6 34.
Qb5 Qc7 35. Qa5 b6 36. Qb5 Re5 37. Qc6 Qe7 38. Nb5 Ne4 39. Qc7 Qe6 40. N5d4 Qd5
41. Qc6 Nxg3+ 42. Kg1 Ne2+ 43. Kf2 Nxf4 44. Qxd5+ Nxd5 45. Nc6 Re4 46. Rd1 Rf4+
47. Kg3 Rg4+ 48. Kf3 Nf6 49. Rxd6 Ne4 50. Rd7 Ng5+ 51. Kf2 a5 52. Ne7+ Kh8 53.
Nd5 a4 54. Nd4 Ne4+ 55. Kf3 Nf6 56. Nxf6 Rxf6 57. Ra7 b5 58. Rb7 Rd6 59. Rxb5
Ra6 60. Rb7 Rh4 61. Kg3 Re4 62. Kf2 Re8 63. Rb5 Kg7 64. Rb7+ Kh6 65. Kg3 a3 66.
Kf2 axb2 67. Rxb2 Rea8 68. Kg3 Rxa2 69. Rb7 R2a3 70. Rc7 Rd8 71. Kg2 Re8 72.
Rc6 Kg5 73. Rc7 Kf4 74. Rxh7 Ra2+ 75. Kf1 Ra1+ 76. Kg2 Kg5 77. Kf3 Rf1+ 78. Kg2
Rf4 79. Rh3 Rg4+ 80. Kf2 Ree4 81. Rd3 Kf6 82. Rh3 Rh4 83. Rxh4 Rxh4 84. Kg3 g5
85. Kg2 Re4 86. Kf2 f4 87. Ne2 Re3 88. h4 g4 89. c4 Ke5 90. c5 Rh3 91. c6 Rxh4
92. c7 Rh8 93. Nc3 Rc8 94. Nb5 Kd5 95. Kg2 Ke6 96. Kf2 Kd7 97. Nc3 Rxc7 98. Nd5
Rc2+ 99. Kf1 Rc1+ 100. Kg2 Rc2+ 101. Kf1 f3 102. Nf6+ Ke6 103. Nxg4 Ra2 104.
Ne3 Ke5 105. Nc4+ Kf4 106. Ke1 Kg3 107. Ne5 Re2+ 0-1

[Event "Mistrzostwa Woj. Podkarpackiego w szacha"]
[Site "Pstragowa"]
[Date "2015.??.??"]
[Round "8.8"]
[White "Dzwierzynski, Bartosz"]
[Black "Kadziela, Andrzej"]
[Result "0-1"]
[WhiteElo "1411"]
[BlackElo "1561"]
[PlyCount "53"]
[EventDate "2015.??.??"]

1. d4 g6 2. c4 Bg7 3. Nc3 d6 4. e4 Nh6 5. f3 O-O 6. Be3 f5 7. Qd2 Nf7 8. Bd3 f4
9. Bxf4 e5 10. dxe5 dxe5 11. Be3 Qh4+ 12. Bf2 Qe7 13. Nge2 Nc6 14. Nd5 Qd8 15.
O-O b6 16. Rfd1 Nd4 17. Bc2 c5 18. Ba4 Nd6 19. Be3 Nxc4 20. Bg5 Nxd2 21. Bxd8
N2xf3+ 22. gxf3 Nxe2+ 23. Kg2 Nd4 24. Be7 Rf7 25. Bd6 Be6 26. Nc7 Rxc7 27. Bxc7
0-1

[Event "Mistrzostwa Woj. Podkarpackiego w szacha"]
[Site "Pstragowa"]
[Date "2015.??.??"]
[Round "8.9"]
[White "Branowski, Mieczyslaw Wiliam"]
[Black "Stefanski, Adam"]
[Result "1-0"]
[WhiteElo "2159"]
[BlackElo "1313"]
[PlyCount "69"]
[EventDate "2015.??.??"]

1. d4 Nf6 2. c4 e6 3. Nf3 Bb4+ 4. Bd2 Bxd2+ 5. Qxd2 d5 6. Nc3 b6 7. cxd5 Nxd5
8. e4 Nxc3 9. bxc3 Bb7 10. Bb5+ Nd7 11. O-O Bxe4 12. Ne5 c6 13. Nxc6 Bxc6 14.
Bxc6 Rc8 15. Ba4 O-O 16. Rac1 Nf6 17. Rfe1 Qd6 18. h3 Rc7 19. c4 Rd8 20. Qe3 h6
21. Bb3 Rdc8 22. Red1 Re8 23. f4 h5 24. g3 g6 25. Rc2 Rcc8 26. Kh2 Kg7 27. Qe5
Qxe5 28. dxe5 Ng8 29. Rd7 a5 30. Rcd2 Rb8 31. g4 hxg4 32. hxg4 Kf8 33. Ba4 Rec8
34. Bb5 Ra8 35. R7d6 1-0